[Event "8th RTU Open 2018"]
[Site "Riga"]
[Date "2018.08.10"]
[Round "7"]
[White "Nikitenko, Mihail"]
[Black "Smirnova, Ekaterina"]
[Result "1-0"]
[WhiteElo "2374"]
[BlackElo "2165"]
[Annotator "NA"]
[PlyCount "109"]
[EventDate "2018.08.06"]
[EventType "swiss"]
[EventCountry "LAT"]
[SourceTitle "playchess.com"]
[Source "ChessBase"]
[SourceQuality "1"]
[TimeControl "5400+30"]

1. e4 e6 {[%emt 0:06:21]} 2. d4 {[%emt 0:00:07]} d5 {[%emt 0:00:18]} 3. Nd2 {[%emt 0:00:06]} Nf6 {[%emt 0:00:09]} 4. e5 {[%emt 0:00:06]} Nfd7 {[%emt 0:00:02]} 5. f4 {[%emt 0:00:10]} c5 {[%emt 0:00:02]} 6. c3 {[%emt 0:00:12]} Nc6 {[%emt 0:00:31]} 7. Ndf3 {[%emt 0:00:07]} Qb6 {[%emt 0:00:07]} 8. g3 {[%emt 0:00:06]} Be7 {[%emt 0:00:07]} 9. Ne2 {[%emt 0:00:17]} O-O {[%emt 0:00:08]} 10. Bh3 {[%emt 0:00:17]} cxd4 {[%emt 0:00:03]} 11. cxd4 {[%emt 0:00:11]} f6 {[%emt 0:00:08]} 12. exf6 {[%emt 0:00:22]} Nxf6 {[%emt 0:00:07]} 13. O-O {[%emt 0:00:04]} Ne4 {[%emt 0:00:10]} 14. Kg2 {[%emt 0:00:36]} Bf6 {[%emt 0:01:08]} 15. Ne5 {[%emt 0:11:31]} a5 {[%emt 0:07:13]} 16. Rb1 {[%emt 0:04:50]} a4 {[%emt 0:02:59]} 17. b4 {[%emt 0:05:25]} axb3 {[%emt 0:07:15]} 18. Rxb3 {[%emt 0:00:04]} Qa7 {[%emt 0:03:18]} 19. Ra3 {[%emt 0:06:39]} Qb8 {[%emt 0:01:42]} 20. Qb3 {[%emt 0:04:48]} Nxe5 {[%emt 0:05:25]} 21. fxe5 {[%emt 0:01:43]} Be7 {[%emt 0:00:11]} 22. Rxf8+ {[%emt 0:02:19]} Bxf8 {[%emt 0:00:12]} 23. Rxa8 {[%emt 0:00:14]} Qxa8 {[%emt 0:00:01]} 24. Nf4 {[%emt 0:00:29]} Qa6 {[%emt 0:00:51]} 25. Qc2 {[%emt 0:00:06]} b5 {[%emt 0:12:23]} 26. Qxc8 {[%emt 0:06:36]} Qxc8 {[%emt 0:01:43]} 27. Bxe6+ {[%emt 0:00:04]} Qxe6 {[%emt 0:00:03]} 28. Nxe6 {[%emt 0:00:04]} Nc3 {[%emt 0:00:46]} 29. Nc7 {[%emt 0:05:42]} b4 {[%emt 0:10:40]} 30. Kf3 {[%emt 0:01:37]} Be7 {[%emt 0:02:29]} 31. Bb2 {[%emt 0:00:50]} Bd8 {[%emt 0:00:11]} 32. Ne6 {[%emt 0:07:40]} Ba5 {[%emt 0:06:08]} 33. Nc5 {[%emt 0:00:05]} Nxa2 {[%emt 0:00:58]} 34. Nb3 {[%emt 0:00:04]} Bb6 {[%emt 0:00:14]} 35. Ke3 {[%emt 0:00:05]} Kf7 {[%emt 0:00:46]} 36. Kd3 {[%emt 0:00:04]} Ke6 {[%emt 0:00:11]} 37. Kc2 {[%emt 0:05:12]} Kf5 {[%emt 0:04:12]} 38. Kb1 {[%emt 0:08:18]} Nc3+ {[%emt 0:00:05]} 39. Bxc3 {[%emt 0:00:03]} bxc3 {[%emt 0:00:02]} 40. Kc2 {[%emt 0:00:03]} Kg4 {[%emt 0:01:15]} 41. e6 {[%emt 0:02:22]} Bd8 {[%emt 0:00:07]} 42. Na5 {[%emt 0:00:02]} Kh3 {[%emt 0:00:38]} 43. Nc6 {[%emt 0:00:02]} Bf6 {[%emt 0:00:07]} 44. Nb4 {[%emt 0:00:13]} Kxh2 {[%emt 0:01:01]} 45. Nxd5 {[%emt 0:00:04]} Bd8 {[%emt 0:00:49]} 46. e7 {[%emt 0:00:03]} Bxe7 {[%emt 0:00:03]} 47. Nxe7 {[%emt 0:00:03]} Kxg3 {[%emt 0:00:27]} 48. d5 {[%emt 0:00:04]} h5 {[%emt 0:00:27]} 49. d6 {[%emt 0:00:03]} g5 {[%emt 0:00:05]} 50. d7 {[%emt 0:00:03]} h4 {[%emt 0:00:04]} 51. d8=Q {[%emt 0:00:04]} h3 {[%emt 0:00:04]} 52. Qd3+ {[%emt 0:00:15]} Kg2 {[%emt 0:00:07]} 53. Nf5 {[%emt 0:00:04]} g4 {[%emt 0:00:26]} 54. Qe2+ {[%emt 0:00:14]} Kh1 {[%emt 0:00:13]} 55. Qf2 1-0

[Event "8th RTU Open 2018"]
[Site "Riga"]
[Date "2018.08.10"]
[Round "7"]
[White "Hedman, Erik"]
[Black "Huber, Philipp"]
[Result "1-0"]
[WhiteElo "2370"]
[BlackElo "2189"]
[Annotator "NA"]
[PlyCount "111"]
[EventDate "2018.08.06"]
[EventType "swiss"]
[EventCountry "LAT"]
[SourceTitle "playchess.com"]
[Source "ChessBase"]
[SourceQuality "1"]
[TimeControl "5400+30"]

1. d4 {[%emt 0:00:00]} Nf6 {[%emt 0:00:00]} 2. c4 {[%emt 0:00:00]} d6 {[%emt 0:00:00]} 3. Nf3 {[%emt 0:00:13]} Nbd7 {[%emt 0:00:14]} 4. Nc3 {[%emt 0:00:44]} c6 {[%emt 0:00:28]} 5. e4 {[%emt 0:00:23]} e5 {[%emt 0:00:14]} 6. Be2 {[%emt 0:00:05]} Be7 {[%emt 0:00:05]} 7. O-O {[%emt 0:00:04]} O-O {[%emt 0:00:12]} 8. Qc2 {[%emt 0:00:20]} Qc7 {[%emt 0:00:18]} 9. Rd1 {[%emt 0:03:49]} Re8 {[%emt 0:01:21]} 10. Bg5 {[%emt 0:01:39]} Nf8 {[%emt 0:03:27]} 11. h3 {[%emt 0:16:23]} Nh5 {[%emt 0:09:43]} 12. Be3 {[%emt 0:08:46]} g6 {[%emt 0:07:21]} 13. Rac1 {[%emt 0:07:44]} Qb8 {[%emt 0:07:25]} 14. b4 {[%emt 0:05:16]} Ne6 {[%emt 0:01:12]} 15. Bf1 {[%emt 0:06:04]} exd4 {[%emt 0:01:48]} 16. Nxd4 {[%emt 0:00:16]} Bg5 {[%emt 0:02:39]} 17. Qd2 {[%emt 0:02:02]} Bxe3 {[%emt 0:00:34]} 18. Qxe3 {[%emt 0:00:04]} a5 {[%emt 0:02:30]} 19. b5 {[%emt 0:02:36]} Qc7 {[%emt 0:00:16]} 20. Qd2 {[%emt 0:07:06]} Rd8 {[%emt 0:10:46]} 21. g3 {[%emt 0:04:42]} Nhg7 {[%emt 0:01:23]} 22. Rc2 {[%emt 0:01:31]} Bd7 {[%emt 0:02:20]} 23. Nf3 {[%emt 0:04:28]} Be8 {[%emt 0:00:38]} 24. Qh6 {[%emt 0:01:44]} f6 {[%emt 0:01:21]} 25. Rcd2 {[%emt 0:00:30]} Nc5 {[%emt 0:01:57]} 26. Qf4 {[%emt 0:01:03]} Nh5 {[%emt 0:00:17]} 27. Qe3 {[%emt 0:00:04]} Qe7 {[%emt 0:03:05]} 28. Nd4 {[%emt 0:02:51]} Ng7 {[%emt 0:00:47]} 29. Bg2 {[%emt 0:00:53]} Rac8 {[%emt 0:01:05]} 30. Re1 {[%emt 0:00:36]} Qf7 {[%emt 0:04:48]} 31. Bf1 {[%emt 0:00:57]} Qf8 {[%emt 0:01:19]} 32. Red1 {[%emt 0:01:09]} a4 {[%emt 0:01:16]} 33. Nc2 {[%emt 0:01:06]} Bf7 {[%emt 0:01:25]} 34. Be2 {[%emt 0:02:18]} Nge6 {[%emt 0:06:23]} 35. h4 {[%emt 0:00:40]} h5 {[%emt 0:03:24]} 36. Bf1 {[%emt 0:02:34]} Nc7 {[%emt 0:04:22]} 37. Qf4 {[%emt 0:02:08]} Ne8 {[%emt 0:00:11]} 38. Nb4 {[%emt 0:04:05]} Be6 {[%emt 0:00:59]} 39. Nd3 {[%emt 0:00:48]} Nxd3 {[%emt 0:02:56]} 40. Bxd3 {[%emt 0:00:11]} Ra8 {[%emt 0:03:24]} 41. Qe3 {[%emt 0:00:41]} Qf7 {[%emt 0:00:47]} 42. c5 {[%emt 0:05:47]} a3 {[%emt 0:04:39]} 43. Bf1 {[%emt 0:01:07]} Qf8 {[%emt 0:01:45]} 44. Qf4 {[%emt 0:01:05]} Rd7 {[%emt 0:00:24]} 45. bxc6 {[%emt 0:01:33]} bxc6 {[%emt 0:00:02]} 46. cxd6 {[%emt 0:00:04]} Rad8 47. e5 {[%emt 0:00:07]} fxe5 {[%emt 0:00:16]} 48. Qxe5 {[%emt 0:00:03]} Rxd6 {[%emt 0:00:06]} 49. Ne4 {[%emt 0:00:09]} Bd5 {[%emt 0:00:56]} 50. Nxd6 {[%emt 0:00:06]} Nxd6 {[%emt 0:00:47]} 51. Bg2 {[%emt 0:01:55]} Nf7 {[%emt 0:00:08]} 52. Bxd5 {[%emt 0:00:53]} cxd5 {[%emt 0:00:01]} 53. Rxd5 {[%emt 0:00:37]} Re8 {[%emt 0:02:31]} 54. Qf6 {[%emt 0:00:17]} Ne5 {[%emt 0:00:26]} 55. Qxf8+ {[%emt 0:00:43]} Kxf8 {[%emt 0:00:01]} 56. Rd8 1-0

[Event "8th RTU Open 2018"]
[Site "Riga"]
[Date "2018.08.10"]
[Round "7"]
[White "Dedebas, Emre Emin"]
[Black "Garriga Cazorla, Pere"]
[Result "0-1"]
[WhiteElo "2353"]
[BlackElo "2444"]
[Annotator "TA"]
[PlyCount "92"]
[EventDate "2018.08.06"]
[EventType "swiss"]
[EventCountry "LAT"]
[SourceTitle "playchess.com"]
[Source "ChessBase"]
[SourceQuality "1"]

{[%evp 15,92,17,24,14,30,22,20,25,10,8,23,0,31,0,0,0,22,9,12,0,0,-2,20,-10,-3,-12,-10,-4,-4,-13,-13,-13,-13,-14,-23,-18,-9,-9,-2,-16,-8,-18,0,-19,0,-26,-41,-60,-55,-52,-36,-197,-187,-191,-177,-186,-195,-211,-202,-199,-205,-206,-206,-206,-206,-196,-186,-227,-190,-199,-197,-495,-495,-462,-401,-887,-1234,-2300,-2220]} 1. d4 Nf6 2. Nf3 e6 3. c4 Bb4+ 4. Bd2 a5 5. g3 d5 6. Qc2 O-O 7. Bg2 b6 {E11: Bogo-Indian} (7... Be7 8. O-O Nbd7 9. Rd1 c6 10. Bf4 dxc4 11. Qxc4 Nd5 12. Bd2 b5 13. Qc2 Bb7 14. Nc3 Rc8 15. Ne5 Nxe5 16. dxe5 {1-0 (110) Prohaszka,P (2610)-Baklan,V (2595) Benasque 2018}) 8. O-O Bb7 {LiveBook: 9 Games} 9. Bf4 Bd6 {The position is equal.} 10. Bxd6 $146 ({Predecessor:} 10. Ne5 c5 11. dxc5 bxc5 12. Nd3 Nc6 13. cxd5 Nd4 14. Qd2 exd5 15. Bxd6 Qxd6 16. e3 {½-½ (41) Marchand,F (2259)-Taimanov,M (2423) Paris 2002}) 10... cxd6 11. cxd5 Nxd5 12. Nc3 Nxc3 13. Qxc3 (13. bxc3 {is interesting.} Nd7 14. Ng5 Qxg5 15. Bxb7 Ra7 16. Be4) 13... b5 14. Nd2 Bxg2 15. Kxg2 Ra6 16. Rac1 Nc6 17. Nf3 Qa8 18. Kg1 Qb7 19. Qd3 h6 20. a3 Ne7 21. Rc2 Rc6 22. Rfc1 Rfc8 23. Rxc6 Rxc6 24. Rxc6 Qxc6 25. Qd2 a4 26. Ne1 Nd5 27. Qc2 Qb7 28. Ng2 Qb6 29. e3 Qb7 30. f3 (30. e4 {with more complications.} Nf6 31. f3 Qa7 32. Qc3 e5 33. Ne3) 30... Nb6 31. e4 Nc4 $36 {[%mdl 2048] And now ...Qb6 would win. Black has good play.} 32. Qc3 e5 {[%cal Be6e5,Be5d4][%mdl 32] ...Qb6 is the strong threat.} 33. Ne3 $2 {[#]} ({White should try} 33. Ne1 $15) 33... Nxe3 $1 $19 34. Qxe3 {[%mdl 4096] Endgame KQ-KQ} Qa7 35. Kf2 {next dxe5 is good for White.} exd4 36. Qd3 Qc5 37. Ke2 Kf8 38. Kd2 Ke7 39. f4 {[#]} g6 $1 40. Qf3 Qc7 41. h4 Qc6 42. f5 Qc4 43. Qf4 $2 (43. g4) 43... d3 44. fxg6 {Strongly threatening Qxf7+.} fxg6 {( -> ...Qc2+)} 45. Ke1 (45. Ke3 $142 Qc1+ 46. Kxd3 Qxb2 47. Qxh6 Qxa3+ 48. Kd2 Qxg3 49. Qg7+ Kd8 50. Qb7) 45... Qc2 {[%csl Gd3][%cal Rc2e2]} 46. Qe3 Qb1+ {Precision: White = 29%, Black = 63%.} 0-1

[Event "8th RTU Open 2018"]
[Site "Riga"]
[Date "2018.08.10"]
[Round "7"]
[White "Oboladze, Luka"]
[Black "Berzinsh, Roland"]
[Result "0-1"]
[WhiteElo "2349"]
[BlackElo "2408"]
[Annotator "NA"]
[PlyCount "64"]
[EventDate "2018.08.06"]
[EventType "swiss"]
[EventCountry "LAT"]
[SourceTitle "playchess.com"]
[Source "ChessBase"]
[SourceQuality "1"]
[TimeControl "5400+30"]

1. Nf3 {[%emt 0:00:00]} Nf6 {[%emt 0:00:59]} 2. g3 {[%emt 0:00:10]} c5 {[%emt 0:01:06]} 3. Bg2 {[%emt 0:00:16]} d5 {[%emt 0:00:09]} 4. c4 {[%emt 0:00:43]} d4 {[%emt 0:00:12]} 5. e3 {[%emt 0:00:17]} Nc6 {[%emt 0:02:05]} 6. exd4 {[%emt 0:00:11]} cxd4 {[%emt 0:00:08]} 7. O-O {[%emt 0:00:17]} e6 {[%emt 0:03:20]} 8. d3 {[%emt 0:00:59]} Bd6 {[%emt 0:00:22]} 9. Na3 {[%emt 0:00:34]} O-O {[%emt 0:00:55]} 10. Nc2 {[%emt 0:00:18]} e5 {[%emt 0:01:40]} 11. b4 {[%emt 0:10:19]} Nxb4 {[%emt 0:02:37]} 12. Nxb4 {[%emt 0:03:11]} Bxb4 {[%emt 0:00:12]} 13. Nxe5 {[%emt 0:00:17]} Qa5 {[%emt 0:02:52]} 14. Rb1 {[%emt 0:04:11]} Bc3 {[%emt 0:00:12]} 15. Rb5 {[%emt 0:02:12]} Qxa2 {[%emt 0:00:22]} 16. Bg5 {[%emt 0:05:54]} Qa6 {[%emt 0:11:16]} 17. Qb3 {[%emt 0:04:15]} Qe6 {[%emt 0:01:13]} 18. f4 {[%emt 0:03:12]} a5 {[%emt 0:07:01]} 19. Rb6 {[%emt 0:04:25]} a4 {[%emt 0:01:20]} 20. Qb1 {[%emt 0:03:28]} Qe8 {[%emt 0:05:20]} 21. Bxf6 {[%emt 0:28:33]} gxf6 {[%emt 0:13:10]} 22. Rxf6 {[%emt 0:01:14]} Qe7 {[%emt 0:05:54]} 23. Rh6 {[%emt 0:01:48]} f6 {[%emt 0:05:46]} 24. Be4 {[%emt 0:10:17]} fxe5 {[%emt 0:00:22]} 25. Rxh7 {[%emt 0:00:16]} Rf7 {[%emt 0:01:14]} 26. Rxf7 {[%emt 0:01:28]} Kxf7 {[%emt 0:05:15]} 27. fxe5+ {[%emt 0:00:22]} Kg7 {[%emt 0:00:03]} 28. Qd1 {[%emt 0:06:47]} Qxe5 {[%emt 0:09:30]} 29. Rf4 {[%emt 0:02:39]} a3 {[%emt 0:04:44]} 30. Qf3 {[%emt 0:03:06]} Be6 {[%emt 0:00:23]} 31. Rh4 {[%emt 0:00:07]} a2 {[%emt 0:01:05]} 32. Rh7+ {[%emt 0:00:37]} Kg8 {[%emt 0:00:05]} 0-1

[Event "8th RTU Open 2018"]
[Site "Riga"]
[Date "2018.08.10"]
[Round "7"]
[White "Quillan, Gary"]
[Black "Pultinevicius, Paulius"]
[Result "0-1"]
[WhiteElo "2349"]
[BlackElo "2452"]
[Annotator "TA"]
[PlyCount "60"]
[EventDate "2018.08.06"]
[EventType "swiss"]
[EventCountry "LAT"]
[SourceTitle "playchess.com"]
[Source "ChessBase"]
[SourceQuality "1"]

{[%evp 30,60,0,0,0,0,8,-33,-22,-32,-24,-20,-21,-15,-27,-17,-8,-117,-108,-129,-123,-219,-203,-225,-219,-227,-221,-355,-360,-457,-298,-891,-883]} 1. e4 e5 2. Nf3 Nc6 3. Bb5 a6 4. Ba4 Nf6 5. O-O Be7 6. Re1 b5 7. Bb3 d6 8. c3 O-O 9. d4 {[%cal Bd2d4,Bd4d5][%mdl 32]} Bg4 10. d5 Na5 11. Bc2 Qc8 12. h3 Bd7 13. Nbd2 c6 14. dxc6 Qxc6 15. Nf1 Nc4 16. a4 {LiveBook: 14 Games. C91: Closed Ruy Lopez: 7...d6 8 c3 0-0 9 d4} Rfc8 17. Ng3 {[#]} Bd8 $146 {[%cal Be7d8,Bd8c7,Bc7e5][%mdl 32]} ({Predecessor:} 17... h6 18. Nh4 Be6 19. Nhf5 Bf8 20. Qf3 Nh7 21. a5 Qc7 22. Ne3 Nxa5 23. Nd5 Qd8 {0-1 (77) Polgar,J (2595)-Anand,V (2710) Monte Carlo 1993}) 18. Nf5 {The position is equal.} Bxf5 19. exf5 h6 20. Qe2 Bc7 21. Nh2 d5 22. Ng4 e4 23. Be3 (23. Rd1 $11 {keeps the balance.}) 23... Nxg4 $17 24. Qxg4 Be5 25. Ra2 (25. axb5 $17 axb5 26. Rxa8 Rxa8 27. Bc1) 25... b4 26. Bd4 Bxd4 27. cxd4 Na5 28. Bb1 (28. Bd1 $142) 28... Qf6 $19 29. Rd1 Nb3 30. f3 $2 {[#]} (30. Qf4) 30... Rc1 {Precision: White = 39%, Black = 88%.} 0-1

[Event "8th RTU Open 2018"]
[Site "Riga"]
[Date "2018.08.10"]
[Round "7"]
[White "Sawlin, Leonid"]
[Black "Narva, Triin"]
[Result "1-0"]
[WhiteElo "2346"]
[BlackElo "2117"]
[Annotator "NA"]
[PlyCount "95"]
[EventDate "2018.08.06"]
[EventType "swiss"]
[EventCountry "LAT"]
[SourceTitle "playchess.com"]
[Source "ChessBase"]
[SourceQuality "1"]
[TimeControl "5400+30"]

1. e4 {[%emt 0:05:31]} d6 {[%emt 0:00:00]} 2. d4 {[%emt 0:00:42]} Nf6 {[%emt 0:00:00]} 3. Nc3 {[%emt 0:00:18]} e5 {[%emt 0:00:14]} 4. Nf3 {[%emt 0:00:34]} Nbd7 {[%emt 0:00:10]} 5. Bc4 {[%emt 0:00:08]} Be7 {[%emt 0:00:06]} 6. O-O {[%emt 0:00:07]} O-O {[%emt 0:00:06]} 7. Re1 {[%emt 0:00:01]} c6 {[%emt 0:00:30]} 8. a4 {[%emt 0:00:07]} a5 {[%emt 0:00:47]} 9. h3 {[%emt 0:00:23]} Qc7 {[%emt 0:03:26]} 10. b3 {[%emt 0:02:15]} exd4 {[%emt 0:20:37]} 11. Nxd4 {[%emt 0:01:33]} Nc5 {[%emt 0:03:34]} 12. Bf4 {[%emt 0:01:48]} Nfd7 {[%emt 0:04:59]} 13. Nf5 {[%emt 0:02:22]} Ne5 {[%emt 0:00:22]} 14. Nxe7+ {[%emt 0:01:17]} Qxe7 {[%emt 0:00:10]} 15. Bf1 {[%emt 0:00:16]} Qf6 {[%emt 0:01:29]} 16. Qd2 {[%emt 0:02:02]} h6 {[%emt 0:11:31]} 17. Rad1 {[%emt 0:00:51]} g5 {[%emt 0:28:28]} 18. Be3 {[%emt 0:04:50]} Bxh3 {[%emt 0:04:47]} 19. Qxd6 {[%emt 0:00:30]} Qxd6 {[%emt 0:08:39]} 20. Rxd6 {[%emt 0:02:29]} Ne6 {[%emt 0:04:58]} 21. f3 {[%emt 0:00:27]} Nf4 {[%emt 0:01:03]} 22. gxh3 {[%emt 0:02:22]} Nxf3+ {[%emt 0:00:10]} 23. Kf2 {[%emt 0:00:03]} Nxe1 {[%emt 0:00:15]} 24. Kxe1 {[%emt 0:01:16]} Ng6 {[%emt 0:01:39]} 25. Bb6 {[%emt 0:01:01]} Rfe8 {[%emt 0:00:34]} 26. Bc4 {[%emt 0:00:12]} Ne5 {[%emt 0:01:41]} 27. Rxh6 {[%emt 0:00:19]} Nxc4 {[%emt 0:01:18]} 28. bxc4 {[%emt 0:00:01]} Kg7 {[%emt 0:00:38]} 29. Rd6 {[%emt 0:00:12]} Re6 {[%emt 0:00:31]} 30. Rd3 {[%emt 0:01:30]} Kg6 {[%emt 0:00:32]} 31. Kf2 {[%emt 0:00:14]} f5 {[%emt 0:00:53]} 32. exf5+ {[%emt 0:02:35]} Kxf5 {[%emt 0:00:05]} 33. Rd7 {[%emt 0:00:07]} Rh8 {[%emt 0:00:48]} 34. Kg2 {[%emt 0:01:06]} Rh4 {[%emt 0:00:28]} 35. Nd1 {[%emt 0:02:08]} Re2+ {[%emt 0:01:03]} 36. Kf3 {[%emt 0:00:47]} Ree4 {[%emt 0:00:39]} 37. Ne3+ {[%emt 0:00:22]} Ke6 {[%emt 0:00:40]} 38. Rxb7 {[%emt 0:00:30]} Re5 {[%emt 0:00:31]} 39. Kg2 {[%emt 0:01:32]} Rhe4 {[%emt 0:00:19]} 40. Rb8 {[%emt 0:00:25]} Kf7 {[%emt 0:00:34]} 41. Rb7+ {[%emt 0:01:31]} Kg6 {[%emt 0:00:32]} 42. Ng4 {[%emt 0:00:28]} Re6 {[%emt 0:00:28]} 43. c3 {[%emt 0:01:51]} Rxc4 {[%emt 0:00:21]} 44. Bd4 {[%emt 0:00:21]} Rxa4 {[%emt 0:00:28]} 45. Kf3 {[%emt 0:01:03]} Ra1 {[%emt 0:00:47]} 46. Rg7+ {[%emt 0:00:53]} Kf5 {[%emt 0:00:31]} 47. Ne3+ {[%emt 0:00:17]} Rxe3+ {[%emt 0:00:07]} 48. Bxe3 {[%emt 0:00:08] Ke4+ Kxe4} 1-0

[Event "8th RTU Open 2018"]
[Site "Riga"]
[Date "2018.08.10"]
[Round "7"]
[White "Dhulipalla, Bala Chandra Prasad"]
[Black "Adocchio, Giampiero"]
[Result "1-0"]
[WhiteElo "2333"]
[BlackElo "2136"]
[Annotator "NA"]
[PlyCount "123"]
[EventDate "2018.08.06"]
[EventType "swiss"]
[EventCountry "LAT"]
[SourceTitle "playchess.com"]
[Source "ChessBase"]
[SourceQuality "1"]
[TimeControl "5400+30"]

1. d4 {[%emt 0:00:00]} Nf6 {[%emt 0:00:00]} 2. Nf3 {[%emt 0:00:00]} d5 {[%emt 0:00:09]} 3. Bf4 {[%emt 0:00:00]} c5 {[%emt 0:00:49]} 4. e3 {[%emt 0:00:00]} Nc6 {[%emt 0:00:19]} 5. Nbd2 {[%emt 0:00:00]} e6 {[%emt 0:02:32]} 6. c3 {[%emt 0:00:11]} Bd6 {[%emt 0:02:11]} 7. Bg3 {[%emt 0:00:07]} O-O {[%emt 0:00:58]} 8. Bb5 {[%emt 0:01:45]} Ne7 {[%emt 0:07:42]} 9. Bd3 {[%emt 0:02:06]} cxd4 {[%emt 0:03:50]} 10. exd4 {[%emt 0:01:05]} b6 {[%emt 0:04:47]} 11. Qe2 {[%emt 0:09:48]} Bb7 {[%emt 0:08:10]} 12. Ne5 {[%emt 0:04:56]} Nf5 {[%emt 0:04:17]} 13. O-O {[%emt 0:01:40]} Nxg3 {[%emt 0:01:59]} 14. fxg3 {[%emt 0:02:02]} Bxe5 {[%emt 0:04:51]} 15. Qxe5 {[%emt 0:20:25]} Re8 {[%emt 0:12:55]} 16. Rae1 {[%emt 0:10:45]} Qe7 {[%emt 0:05:35]} 17. Rf3 {[%emt 0:09:51]} Nd7 {[%emt 0:05:29]} 18. Qc7 {[%emt 0:01:45]} Nf8 {[%emt 0:00:28]} 19. Qf4 {[%emt 0:00:20]} Rac8 {[%emt 0:01:35]} 20. g4 {[%emt 0:01:55]} Qc7 {[%emt 0:04:47]} 21. Qg5 {[%emt 0:03:41]} f6 {[%emt 0:01:26]} 22. Qh5 {[%emt 0:03:22]} e5 {[%emt 0:02:18]} 23. dxe5 {[%emt 0:08:23]} Rxe5 {[%emt 0:00:36]} 24. Rxe5 {[%emt 0:01:49]} Qxe5 {[%emt 0:01:21]} 25. Qxe5 {[%emt 0:01:10]} fxe5 {[%emt 0:00:05]} 26. Bc2 {[%emt 0:01:52]} g6 {[%emt 0:03:38]} 27. Bb3 {[%emt 0:02:28]} Nd7 {[%emt 0:01:01]} 28. Ne4 {[%emt 0:02:57]} Rd8 {[%emt 0:03:40]} 29. Nf6+ {[%emt 0:05:59]} Nxf6 {[%emt 0:02:42]} 30. Rxf6 {[%emt 0:00:02]} Bc8 {[%emt 0:01:31]} 31. h3 {[%emt 0:00:39]} Kg7 {[%emt 0:03:01]} 32. Rc6 {[%emt 0:00:06]} Kh6 {[%emt 0:03:52]} 33. Rc7 {[%emt 0:00:56]} d4 {[%emt 0:00:47]} 34. cxd4 {[%emt 0:01:35]} exd4 {[%emt 0:00:04]} 35. Kf2 {[%emt 0:00:26]} d3 {[%emt 0:02:03]} 36. Bd1 {[%emt 0:00:54]} a5 {[%emt 0:02:52]} 37. h4 {[%emt 0:00:19]} g5 {[%emt 0:00:04]} 38. Rc6+ {[%emt 0:01:01]} Kg7 {[%emt 0:00:02]} 39. h5 {[%emt 0:00:07]} d2 {[%emt 0:01:51]} 40. h6+ {[%emt 0:00:07]} Kf7 {[%emt 0:00:45]} 41. Rc7+ {[%emt 0:01:21]} Kg6 {[%emt 0:01:07]} 42. Rc6+ {[%emt 0:00:38]} Kf7 {[%emt 0:00:01]} 43. Rxb6 {[%emt 0:00:51]} Rd4 {[%emt 0:00:37]} 44. Ke3 {[%emt 0:00:44]} Rd5 {[%emt 0:01:31]} 45. Rc6 {[%emt 0:00:31]} Be6 {[%emt 0:01:31]} 46. Rc7+ {[%emt 0:00:25]} Kg6 {[%emt 0:00:06]} 47. Rc6 {[%emt 0:00:28]} Kf7 {[%emt 0:00:02]} 48. a3 {[%emt 0:00:51]} Bxg4 {[%emt 0:01:14]} 49. Bxg4 {[%emt 0:00:05]} d1=Q {[%emt 0:00:05]} 50. Bxd1 {[%emt 0:00:02]} Rxd1 {[%emt 0:00:07]} 51. Rc5 {[%emt 0:00:23]} Rb1 {[%emt 0:00:30]} 52. Rxa5 {[%emt 0:02:34]} Rxb2 {[%emt 0:00:10]} 53. g4 {[%emt 0:00:22]} Rg2 {[%emt 0:01:33]} 54. Rxg5 {[%emt 0:00:22]} Rg3+ {[%emt 0:00:06]} 55. Kf4 {[%emt 0:00:03]} Rxa3 {[%emt 0:00:09]} 56. Rg7+ {[%emt 0:00:01]} Kf6 {[%emt 0:00:11]} 57. g5+ {[%emt 0:00:02]} Ke6 {[%emt 0:00:01]} 58. Kg4 {[%emt 0:00:58]} Ra4+ {[%emt 0:00:34]} 59. Kh5 {[%emt 0:00:06]} Ra1 {[%emt 0:01:52]} 60. Rxh7 {[%emt 0:00:08]} Rh1+ {[%emt 0:00:49]} 61. Kg6 {[%emt 0:00:06]} Rg1 {[%emt 0:00:38]} 62. Ra7 {[%emt 0:00:13]} 1-0

[Event "8th RTU Open 2018"]
[Site "Riga"]
[Date "2018.08.10"]
[Round "7"]
[White "Borisovsky, Dmitry"]
[Black "Bluebaum, Matthias"]
[Result "0-1"]
[WhiteElo "2297"]
[BlackElo "2637"]
[Annotator "TA"]
[PlyCount "62"]
[EventDate "2018.08.06"]
[EventType "swiss"]
[EventCountry "LAT"]
[SourceTitle "playchess.com"]
[Source "ChessBase"]
[SourceQuality "1"]

{[%evp 22,62,8,-14,0,0,0,0,49,0,0,-14,-10,-62,-56,-77,-60,-59,-66,-95,-70,-83,-68,-102,0,-89,-112,-196,-187,-172,-143,-445,-452,-481,-242,-455,-441,-733,-719,-1103,-1038,-1804,-1678]} 1. e4 e6 2. d4 d5 3. Nc3 Nf6 4. e5 Nfd7 5. f4 c5 6. Nf3 Nc6 7. Be3 Be7 8. Qd2 a6 9. dxc5 Nxc5 {C11: French: Classical System: 4 e5 and 4 Bg5 dxe4} 10. O-O-O Qa5 11. Kb1 b5 {[%cal Bb7b5,Bb5b4][%mdl 32]} 12. Nd4 {LiveBook: 3 Games} (12. h4 Bd7 13. g4 b4 14. Ne2 Ne4 15. Qe1 Rb8 16. Nc1 Nc3+ 17. bxc3 bxc3+ {1-0 (96) Najer,E (2679)-Korobov,A (2695) Poikovsky 2017}) 12... Nxd4 13. Bxd4 b4 14. Ne2 Rb8 15. Nc1 Qc7 {[#]} 16. g4 $146 ({Predecessor:} 16. Bd3 a5 17. g4 {0-1 (32) Aroshidze,L (2565)-Herraiz Hidalgo,H (2446) Montcada 2014}) 16... a5 17. Bg2 (17. Bd3 $11) 17... O-O $15 18. Qf2 Ba6 19. f5 Rfc8 20. Rhe1 a4 21. f6 Bf8 $1 22. b3 a3 ({Black should play} 22... Rb6 $17) 23. Re3 {[#]} (23. Qd2 $11) 23... Rb6 $1 $17 24. fxg7 (24. g5 $17) 24... Bxg7 $19 25. g5 {[#]} Rc6 $1 26. Rd2 $2 {[%mdl 8192]} (26. c4 $17 {is a better chance.} bxc3 27. Qc2) 26... Nd7 27. Rh3 {White hopes to continue with c3.} Nf8 (27... Nxe5 $142 {Hoping for ...Ng4.} 28. Rh4 Ng6) 28. Re3 $2 (28. Bf3) 28... Ng6 {Black is clearly winning.} 29. h4 (29. Bf3 $142 Nxe5 30. Bxe5 Bxe5 31. Nd3 Bxd3 32. Rexd3) 29... Nxe5 30. Bh3 Ng4 31. Bxg4 Bxd4 {Precision: White =  9%, Black = 72%.} 0-1